Čína /
Rozsáhlá románová kronika zachycuje dění Číny, Říše středu, od začátku první opiové války přes boxerské povstání až k smrti císařovny Cixi a pádu císařství.
Uloženo v:
| Hlavní autor: | |
|---|---|
| Další autoři: | |
| Médium: | E-kniha |
| Jazyk: | Czech |
| Vydáno: |
Praha :
BB/art,
2022
|
| Vydání: | První vydání v českém jazyce |
| Témata: | |
| Tagy: |
Žádné tagy |
| LEADER | 03093nam a2200529 i 4500 | ||
|---|---|---|---|
| 001 | 311599 | ||
| 003 | CZ PrSKC | ||
| 005 | 20260601215708.0 | ||
| 007 | ta | ||
| 008 | 220707s2022 xr a g 000 f cze | ||
| 015 | |a cnb003423199 | ||
| 020 | |a 9788075955692 |q (vázáno) | ||
| 035 | |a (OCoLC)1344358790 | ||
| 040 | |a ABG001 |b cze |d ABA001 |e rda | ||
| 041 | 1 | |a cze |h eng | |
| 043 | |a a-cc--- | ||
| 045 | |a w3x0 | ||
| 072 | 7 | |a 821.111-3 |x Anglická próza, anglicky psaná |2 Konspekt | |
| 080 | |a 821.111-31 |2 MRF | ||
| 080 | |a 94(510) |2 MRF | ||
| 080 | |a (510) |2 MRF | ||
| 080 | |a (0:82-311.6) |2 MRF | ||
| 100 | 1 | |a Rutherfurd, Edward, |d 1948- |7 jn20000604736 |4 aut | |
| 240 | 1 | 0 | |a China. |l Česky |
| 245 | 1 | 0 | |a Čína / |c Edward Rutherfurd ; přeložil Zdeněk Hron |
| 250 | |a První vydání v českém jazyce | ||
| 264 | 1 | |a Praha : |b BB/art, |c 2022 | |
| 300 | |a 703 stran : |b ilustrace ; |c 24 cm | ||
| 336 | |a text |b txt |2 rdacontent | ||
| 337 | |a bez média |b n |2 rdamedia | ||
| 338 | |a svazek |b nc |2 rdacarrier | ||
| 500 | |a Přeloženo z angličtiny | ||
| 520 | 2 | |a Rozsáhlá románová kronika zachycuje dění Číny, Říše středu, od začátku první opiové války přes boxerské povstání až k smrti císařovny Cixi a pádu císařství. |b Příběh se začíná odvíjet v roce 1839 na začátku první opiové války a sleduje čínské dějiny až do pádu císařství. Autor zachycuje proměnlivé životní osudy různých čínských, britských a amerických rodin, zápasících s rozbouřenými vlnami dějin. Při tom svým nezaměnitelným stylem zachycuje velice zasvěcený pohled na čínské dějiny a čínskou společnost, na její odvěké tradice a epochální zvraty jakož i vzestup země do postavení přední světové mocnosti. Jako obvykle jsme zváni na bohatou hostinu oplývající romantickými i dobrodružnými příběhy. Rutherfurd líčí bouřlivý vzestup a pád říší prostírajících se od Šanghaje po Nanking a Velkou zeď v dobách, v nichž se kolonialistický Západ a bohatý a komplikovaný Východ setkávají v dramatickém střetávání kultur a národů. Nakladatelská anotace. Kráceno. | |
| 648 | 4 | |a 1839-1908 | |
| 648 | 7 | |a 19.-20. století |7 ch757015 |2 czenas | |
| 651 | 7 | |a Čína |7 ge131732 |x dějiny |y 19.-20. století |2 czenas | |
| 651 | 9 | |a China |x history |y 19th-20th centuries |2 eczenas | |
| 655 | 7 | |a anglické romány |7 fd131814 |2 czenas | |
| 655 | 7 | |a historické romány |7 fd132414 |2 czenas | |
| 655 | 9 | |a English fiction |2 eczenas | |
| 655 | 9 | |a historical novels |2 eczenas | |
| 700 | 1 | |a Hron, Zdeněk, |d 1944- |7 jk01042858 |4 trl | |
| 900 | |a ABA001 |b 20 | ||
| 044 | |a xr | ||
| 910 | |a RBIT002 | ||
| 998 | |d 355984 |a https://core.palmknihy.cz/api/books/355984/cover?rdz0eb |b https://core.palmknihy.cz/api/books/355984/cover/400?rdz0eb |c https://core.palmknihy.cz/api/books/355984/cover/50?rdz0eb |e 2027-05-27 |g 704 |i 9788075955692 |j https://core.palmknihy.cz/api/books/355984/preview.epub |k https://core.palmknihy.cz/api/books/355984/preview.pdf |l |q 49 |r 1 |s https://www.palmknihy.cz/kniha/355984 |t ebook |y 2022 |z 0 | ||
| 999 | |d 311597 | ||